000 00848nam a2200313Ia 4500
003 OSt
005 20221007111735.0
006 a|||||r|||| 00| 0
007 ta
008 221006b |||||||| |||| 00| 0 eng d
020 _a8187162538 (Set)
024 _a24,210
037 _cTextual
040 _aLCO
_cLCO
_beng
041 _2eng
_aeng
082 _aZ2,218, P2
100 _aUpadhyay Sanjay
245 0 _aHandbook on Environmental Law.3V
260 _aNew
_bDelhi Lexis Nexis Butterworths India
_c2002
300 _a574+731+487
490 _vVol.- 13
650 _a FOREST
_9233632
650 _a WATER
650 _a WILDLIFE
_9708484
650 _aENVIRONMENT
700 _a Upadhyay Videsh
_9708485
942 _hZ2,218, P2
_cTEXL
999 _c1193773
_d1193773